Nominations of Hon. Andrew M. Saul, Hon. Alejandro M. Sanchez, and Hon. Gordon J. Whiting : hearing before the Committee on Homeland Security and Governmental Affairs, United States Senate, One Hundred Tenth Congress, second session, on the nominations of Hon. Andrew M. Saul to be chairman, Federal Retirement Thrift Investment Board, Hon. Alejandro M. Sanchez and Hon. Gordon J. Whiting to be members, Federal Retirement Thrift Investment Board, April 10, 2008.

Bibliographic Details
Corporate Author: United States. Congress. Senate. Committee on Homeland Security and Governmental Affairs
Format: Government Document eBook
Language:English
Published: Washington : U.S. G.P.O., 2009.
Series:S. hrg. ; 110-934
Subjects:
Online Access:Electronic resource (PDF)

MARC

Tag First Indicator Second Indicator Subfields
LEADER 00000cam a22000001a 4500
001 in00004100396
005 20200117091259.0
006 m d f
007 cr bn mmmapmmp
008 100128s2009 dcu o f000 0 eng d
035 |a chdc201001316 
040 |a UMI  |c UMI  |d UtOrBLW 
042 |a pcc 
043 |a n-us--- 
074 |a 1037-B 
086 0 |a Y 4.G 74/9:S.HRG.110-934 
110 1 |a United States.  |b Congress.  |b Senate.  |b Committee on Homeland Security and Governmental Affairs.  |0 http://id.loc.gov/authorities/names/no2005015918 
245 1 0 |a Nominations of Hon. Andrew M. Saul, Hon. Alejandro M. Sanchez, and Hon. Gordon J. Whiting :  |b hearing before the Committee on Homeland Security and Governmental Affairs, United States Senate, One Hundred Tenth Congress, second session, on the nominations of Hon. Andrew M. Saul to be chairman, Federal Retirement Thrift Investment Board, Hon. Alejandro M. Sanchez and Hon. Gordon J. Whiting to be members, Federal Retirement Thrift Investment Board, April 10, 2008. 
264 1 |a Washington :  |b U.S. G.P.O.,  |c 2009. 
264 2 |a Washington :  |b For sale by the Supt. of Docs., U.S. G.P.O. 
300 |a iii, 67 pages, digital, PDF file. 
336 |a text  |b txt  |2 rdacontent 
337 |a computer  |b c  |2 rdamedia 
338 |a online resource  |b cr  |2 rdacarrier 
490 1 |a S. hrg. ;  |v 110-934 
500 |a Shipping list number: 2010-0086-P. 
500 |a Record is based on bibliographic data in ProQuest Congressional Hearings Digital Collection. Reuse except for individual research requires license from ProQuest, LLC. 
500 |a Electronic resource. 
533 |a Electronic reproduction.  |b [Bethesda, Md.] :  |c ProQuest,  |d 2010.  |e digital, PDF file.  |n ProQuest U.S. Congressional Hearings Digital Collection.  |n Mode of access: World Wide Web via ProQuest website. 
538 |a System requirements: PDF reader software. 
600 1 0 |a Saul, Andrew Marshall,  |d 1946-  |0 http://id.loc.gov/authorities/names/no2003028419 
600 1 0 |a Sanchez, Alejandro Modesto,  |d 1958-  |0 http://id.loc.gov/authorities/names/no2003028421 
600 1 0 |a Whiting, Gordon James,  |d 1965-  |0 http://id.loc.gov/authorities/names/no2003028404 
610 1 0 |a United States.  |b Federal Retirement Thrift Investment Board  |x Officials and employees  |x Selection and appointment. 
776 0 8 |i Print version:   |a United States. Congress. Senate. Committee on Homeland Security and Governmental Affairs.  |t Nominations of Hon. Andrew M. Saul, Hon. Alejandro M. Sanchez, and Hon. Gordon J. Whiting  |w 9780160848841  |w 0160848849  |w (OCoLC)ocn495727403  |z 2009526364 
776 0 8 |i Microfiche version:   |a United States. Congress. Senate. Committee on Homeland Security and Governmental Affairs.  |t Nominations of Hon. Andrew M. Saul, Hon. Alejandro M. Sanchez, and Hon. Gordon J. Whiting  |d [Bethesda, Md.] : ProQuest,[2010]  |o CIS 2010 S481-14  |w (ProQuest)cis01003279  
810 1 |a United States.  |b Congress.  |b Senate.  |t S. hrg. ;  |v 110-934.  |0 http://id.loc.gov/authorities/names/n83707917 
856 4 0 |u http://proxy.library.tamu.edu/login?url=http://search.proquest.com/congcomp/getdoc?HEARING-ID=HRG-2008-HSG-0040  |y Electronic resource (PDF)  |t 0 
998 |a cis01003279  
999 f f |s 8d200c36-944c-3d5f-a0dc-fc7df651305c  |i 5ad4fb40-43c7-3484-8a36-c69b24dad925  |t 0 
952 f f |a Texas A&M University  |b College Station  |c Electronic Resources  |d Available Online  |t 0  |e Y 4.G 74/9:S.HRG.110-934  |h Superintendent of Documents classification 
998 f f |a Y 4.G 74/9:S.HRG.110-934  |t 0  |l Available Online